000 00602 a2200193 4500
001 63933
005 20260521160826.0
008 260521a1970 arg spa d
003 AR-UNSa-BCEJYS
040 _aAR-UNSa-BCEJYS
_bspa
_cAR-UNSa-BCEJYS
080 _a658.8
_xOrganización de mercados. Marketing. Ventas. Distribución
245 1 0 _aCampañas para obtención de fondos
_pPriincipios. Patrones. Técnicas
264 1 _aMéxico :
_bLimusa-Wiley
_c1970
300 _a194 p.
_c23 cm.
041 _aspa
942 _cBK
590 _aniveau_biblio:m niveau_hierar:0
100 1 _aSeymour, Harold J.
999 _c36418
_d36418